000
00203 a2200097 4500
001
10128
100
_a
Barnett, A D
245
_a
Cummunist China and Asia
260
_a
_b
Harper
_c
090
_c
7874
_d
7874
942
_a
NUST-CAE
_c
M
_c
34571
999
_c
245201
_d
245201